The Shadow Girl /

Guardado en:
Detalles Bibliográficos
Autor principal: Cummings, Ray (autor)
Formato: Libro
Idioma:Inglés
Publicado: Nueva York, EUA : Ace Books, 1962, c1962
Colección:(Ace Book ; Science Fiction) D-535.
Temas:
Etiquetas: Agrega una etiqueta
Sin etiquetas, Sé el primero en etiquetar este registro!

MARC

LEADER 00000nam^a2200000^a^4500
001 000397774
005 20250521000000.0
009 20260310121506.788
025 |a Donación Eduardo Wriedt, 1 ejemplar 
037 |a Acervo ITESO - Biblioteca 
041 |a ING 
091 |a FAW. 01321 
100 |a Cummings, Ray  |e (autor) 
245 1 4 |a The Shadow Girl /  |c R. Cummings. 
264 4 |a Nueva York, EUA :  |b Ace Books,  |c 1962, c1962 
300 |a 159 p. 
336 |a texto  |b txt  |2 rdacontenido 
337 |a sin mediación  |b n  |2 rdamedio 
338 |a volumen  |b nc  |2 rdasoporte 
440 1 |a (Ace Book ;  |v D-535.  |p Science Fiction) 
649 |a XX 
650 |a Novela Norteamericana 
650 |a Literatura Norteamericana -  |y Siglo XX 
650 |a Literatura de Ciencia-Ficción -  |z EUA 
910 |a Fondo Adolfo J. Wriedt Kentzler 
920 |a Impresos - Libros 
930 |a Fondos Especiales 
940 |a Literatura 
905 |a 128 
901 |a 0500292927  |b IT2  |c ESP  |i D 86778  |u 20250521 
902 |a https://opac.biblio.iteso.mx/vufind/Record/000397774